000 00488 a2200169 4500
005 20260409131103.0
008 260409b |||||||| |||| 00| 0 eng d
020 _a9789368834304
040 _cSDCL
041 _2eng
_aeng
084 _aY:1.2'L R5
100 _aBhattacharya, Nandini
_9982172
245 _aStrange Familiarities :
_bTracing Epistolary Cultures In The Subcontinent, 1857 1915
260 _aDelhi :
_bPrimus Books,
_c2025.
300 _axi, 328p.
942 _cTEXL
_2CC
999 _c1847961
_d1847961